|
|
|
|
| LEADER |
00000nkm a2200000 a 4500 |
| 001 |
vtls011578511 |
| 003 |
SK-MaSNL |
| 005 |
20260331210344.0 |
| 007 |
kf bo |
| 008 |
231214s1965 xo g kuslo |
| 015 |
|
|
|a SNBG
|
| 035 |
|
|
|a urn:nbn:sk:snk-km00c09b
|
| 035 |
|
|
|a urn:nbn:sk:snk-km3lp72
|
| 035 |
|
|
|a 295972A0-8318-44CC-9D03-4F02B1F54C72
|
| 040 |
|
|
|a SNK
|b slo
|c SNK
|e AACR2
|
| 041 |
0 |
|
|a slo
|
| 043 |
|
|
|a e-xo---
|
| 044 |
|
|
|a xo
|c SK
|
| 080 |
|
|
|a 711.435(437.6)
|2 2011
|
| 080 |
|
|
|a 913(437.6)
|2 2011
|
| 080 |
|
|
|a 725.95
|2 2011
|
| 080 |
|
|
|a (437.6)
|2 2011
|
| 080 |
|
|
|a (084.121)
|2 2011
|
| 100 |
1 |
|
|a Sitenský, Ladislav,
|d 1919-2009
|4 pht
|9 133652
|
| 245 |
1 |
0 |
|a Čs. štátne kúpele Piešťany
|h grafika
|b Kolonádový most
|c foto Ladislav Sitenský
|
| 260 |
|
|
|a [Bratislava]
|b VPL
|c 1965
|
| 300 |
|
|
|a 1 pohľadnica
|b čiernobiela
|c 15 x 11 cm
|
| 650 |
0 |
7 |
|a mosty
|2 SNKPH
|9 3015
|
| 651 |
|
7 |
|a Kolonádový most (Piešťany, Slovensko)
|2 SNKPH
|9 147465
|
| 651 |
|
7 |
|a Piešťany (Slovensko)
|2 SNKPH
|9 23981
|
| 655 |
|
7 |
|a miestne pohľadnice
|2 SNKPH
|9 70510
|
| 852 |
|
|
|a Slovenská národná knižnica
|
| 958 |
|
|
|a GC
|
| 958 |
|
|
|a GBN
|
| 958 |
|
|
|a OND
|
| 999 |
|
|
|c 1104413
|d 1106343
|
| 952 |
|
|
|a SNK
|b SNK
|y PREZ
|7 0
|p 17A1208870
|o snkSP 21915
|0 0
|1 0
|4 0
|d 2016-09-08
|f 1
|l 0
|r 2026-02-24 17:41:32
|w 2026-02-24
|